Divadlo sveta - svet divadla alebo o jednej hranici

Bibliographic Details
Main Author: Štefko, Vladimír, 1942- (Author)
Format: Article
Language:Slovak
ISSN:1335-2342
Subjects:

MARC

LEADER 00000nab a2200000 a 4500
001 vtls000805669
003 SK-MaSNL
005 20260303200510.0
008 180207c2002 xo 0 slo
015 |a SNBRB2002/09-26707 
035 |a CLN000157324 
040 |a SNKBUCL  |b slo  |c SNKBUCL  |e AACR2 
041 0 |a slo 
044 |a xo  |c SK 
080 |a 792(4:5/6)  |2 UDC-MRF-SK2 
100 1 |a Štefko, Vladimír,  |d 1942-  |4 aut  |9 103434 
245 1 0 |a Divadlo sveta - svet divadla alebo o jednej hranici  |c Vladimír Štefko 
650 0 7 |a divadlo  |2 snkbucl  |9 3335 
650 0 7 |a divadelná kultúra  |2 snkbucl  |9 1230693 
650 0 7 |a ázijské umenie  |2 snkbucl  |9 2994 
650 0 7 |a islamské umenie  |2 snkbucl  |9 101534 
650 0 7 |a európske umenie  |2 snkbucl  |9 2980 
655 7 |a články z novín a časopisov  |2 snkbucl  |9 267496 
773 0 |x 1335-2342  |t Dilema  |g Č. 7 (2002), s. 56-59 
850 |a Slovenská národná knižnica v Martine 
852 |a SNK  |b KIS3GCP 
958 |a RBX 
999 |c 2168349  |d 2170279